LIBRARY & INFORMATION CENTRE, KCAET, TAVANUR

ONLINE PUBLIC ACCESS CATALOGUE (OPAC)

Chemisty of the soil / (Record no. 10910)

MARC details
000 -LEADER
fixed length control field 00505cam a2200205ua 4500
041 ## - LANGUAGE CODE
Language code of text/sound track or separate title eng
082 ## - DEWEY DECIMAL CLASSIFICATION NUMBER
Classification number 631.41
Item number BEA/CH
100 ## - MAIN ENTRY--AUTHOR NAME
Personal name Bear, Firman E .
245 ## - TITLE STATEMENT
Title Chemisty of the soil /
250 ## - EDITION STATEMENT
Edition statement 2 /
260 ## - PUBLICATION, DISTRIBUTION, ETC. (IMPRINT)
Place of publication New Delhi :
Name of publisher Oxford & IBH Publishing company ,
Year of publication 1964.
300 ## - PHYSICAL DESCRIPTION
Number of Pages 515 ; .
942 ## - ADDED ENTRY ELEMENTS (KOHA)
Koha item type Books
Holdings
Withdrawn status Lost status Damaged status Home library Current library Date acquired Full call number Accession Number Koha item type
      KAUAET KAUAET 07/04/2012 631.41 18711 Books
      KAUAET KAUAET 07/04/2012 631.41 14637 Books
      KAUAET KAUAET 22/08/1986 631.41 15495 Books
free website counter